• 首页
  • 本馆介绍
  • 公告通知
  • 最新文献
  • 馆藏检索
  • 电子资源
  • 读者导购
  • 参考咨询
  • 我的图书馆
  • 登录
  • 详细信息显示
  • 放入我的书架
  • 预约/预借图书
  • 作者相关作品
  • 分类相关作品
  • 丛书相关作品
  • 出版社相关作品

书目信息

  • 表格格式
  • 工作单格式
  • 卡片格式
题名:
普法战争
    
 
作者: 吴机鹏 著
分册:  
出版信息: 北京   商务印书馆  1972
页数: 50页
开本: 19cm
丛书名: 历史知识读物
单 册:
中图分类: K565.43
科图分类:
主题词: 普法战争(1870~1871)
电子资源:
ISBN: 11017.283
000 00670oam2 2200253 450
001 0172001802
005 20100713031339.0
010    @a11017.283@dCNY0.12
091    @a11017.283@d¥0.12
100    @a19951004d1972 em y0chiy0110 ea
101 0  @achi
102    @aCN@b110000
105    @aa z 000yy
106    @ar
200 1  @a普法战争@9Pu Fa Zhan Zheng @f吴机鹏著
210    @a北京@c商务印书馆@d1972
215    @a50页@c图@d19cm
225 2  @a历史知识读物
461  0 @12001 @a历史知识读物
606 0  @a普法战争(1870~1871)
690    @aK565.43@v3
701  0 @a吴机鹏@9wu ji peng@4著
801  0 @aCN@b91MARC@c20130904
905    @aBZT@dK565.43@e1@f1@sK565.43/1
    
    普法战争/吴机鹏著.-北京:商务印书馆,1972
    50页:图;19cm.-(历史知识读物)
    
    
    ISBN 11017.283:CNY0.12
    
●
相关链接 在五车中查询图书 在当当中查询图书 在豆瓣中查询图书


正题名:普法战争     索取号:K565.43/1         预约/预借

序号 登录号 条形码 馆藏地/架位号 状态 备注
山东省滨州职业学院图书馆 欢迎您!
大连网信软件有限公司© 版权所有